Noms de Pays contenant... Marques Auto - Statistiques

Statistiques générales
  • Ce quiz a été pris 28 fois
  • Le résultat moyen est 7 sur 16
Statistiques - réponses
Marque Solutions Pays % Correct
Tesla 3 Australie, Sainte-Lucie, Saint-Vincent-et-les-Grenadines
75%
Opel 3 Papouasie-Nouvelle-Guinée, Pologne, République Dominicaine
67%
Kia 10 Burkina Faso, Irak, Kirghizistan, Kiribati, Ouzbékistan, Pakistan, Sri Lanka, Tadjikistan...
63%
Mini 10 Birmanie, Dominique, Émirats arabes unis, Mauritanie, Micronésie, Namibie, République...
58%
Saab 7 Arabie Saoudite, Bahamas, Bangladesh, Botswana, Burkina Faso, Émirats arabes unis....
54%
Honda 1 Honduras
50%
BMW 1 Zimbabwe
46%
Austin 5 Émirats arabes unis, États-Unis, Ouzbékistan, Sainte-Lucie, Turkménistan
38%
KTM 1 Turkménistan
38%
GMC 2 Cambodge, Madagascar
33%
TVR 4 Cap-Vert, Côte d’Ivoire, Saint-Christophe-et-Niévès, Saint-Vincent-et-les-Grenadines
33%
Lada 4 Bangladesh, Saint-Vincent-et-les-Grenadines, Salvador, Thaïlande
29%
Rimac 4 Macédoine du Nord, Maurice, République dominicaine, Sao Tomé-et-Principe
29%
Maserati 1 Émirats Arabes Unis
21%
Ferrari 1 République centrafricaine
17%
Bugatti 1 Antigua-et-Barbuda
13%
Aucun quiz correspondant
Distribution des résultats
% des personnes avec chaque résultat
Percentile par nombre de réponses
Votre historique - résultats
Vous n’avez pas pris ce quiz